00826cam a22002291 4500001001300000003000400013005001700017008004100034010001700075025002000092040001800112050003200130082000800162110004900170245020500219250001400424260004200438300002700480650004500507700002700552999001700579sa 68008263 DLC20260227112530.0690106s1968 ii k 000 0 eng  asa 68008263  aPL480:I-E-10261 aDLCcDLCdDLC00aKNT8662.5.A311958bN37 196800a3401 aKerala, India (State).kLaws, statutes, etc.14aThe Kerala education act, 1958b(Act 6 of 1959 as amended by Act 35 of 1960) with the Kerala education rules, 1959 as amended upto 1st February, 1968, notifications, orders, etc.,cby K. K. Narendran. a[4th ed.] aErnakulam,bSouthern Book Co.c[1968] a346 p.bforms.c25 cm. 0aEducational law and legislationzKerala.1 aNarendran, K. K.,eed. c82333d82333